00378nam a2200121Ia 4500008004100000020001400041040004400055100001500099245007200114260003800186300001600224700001600240180412s9999||||xx |||||||||||||| ||und|| a723404054 aAhmadu Bello University Library - Zaria aKay, L. W. 2aA colour atlas of Oro-facial diseases.cby L. W. Kay and R. Haskell aLondonbWolfe Medical Booksc1971 a288p.: ill. aHaskell, R.